| 000 | 00444nam a2200121Ia 4500 | ||
|---|---|---|---|
| 008 | 160712s9999 xx 000 0 und d | ||
| 100 | _aChua, Ana Micaela. | ||
| 245 |
_cAna Micaela Chua _aAlternative Epistemologies in Budjette Tan and Kajo Baldisimo’s TRESE |
||
| 260 |
_c2016 _bHumanities Diliman |
||
| 300 | _avol. 13 no. 2 | ||
| 650 | _xHUMANITIES | ||
| 856 | _uhttp://journals.upd.edu.ph/index.php/humanitiesdiliman/issue/view/544/showToc | ||
| 999 |
_c296985 _d296985 |
||